Jules Bastien-Lepage and his art (Record no. 166237)
[ view plain ]
| 000 -LEADER | |
|---|---|
| campo de control de longitud fija | 01163nam a2200253 i 4500 |
| 001 - NÚMERO DE CONTROL | |
| campo de control | 166237 |
| 003 - IDENTIFICADOR DE NÚMERO DE CONTROL | |
| campo de control | ES-MaACL |
| 005 - FECHA Y HORA DE LA ÚLTIMA TRANSACCIÓN | |
| campo de control | 20230906213306.0 |
| 008 - DATOS DE LONGITUD FIJA--INFORMACIÓN GENERAL | |
| campo de control de longitud fija | 050914s1892 xxkaf |||| |beng d |
| 100 1# - ENTRADA PRINCIPAL--NOMBRE DE PERSONA | |
| Nombre de persona | Theuriet, André. |
| 9 (RLIN) | 109911 |
| 245 10 - MENCIÓN DEL TÍTULO | |
| Título | Jules Bastien-Lepage and his art |
| Resto del título | : a memoir / |
| Mención de responsabilidad, etc. | by André Theuriet. |
| 260 ## - PUBLICACIÓN, DISTRIBUCIÓN, ETC. | |
| Lugar de publicación, distribución, etc. | London : |
| Nombre del editor, distribuidor, etc. | T. Fisher Unwin, |
| Fecha de publicación, distribución, etc. | 1892. |
| 300 ## - DESCRIPCIÓN FÍSICA | |
| Extensión | 190 p., [15] h. de lám. ; |
| Dimensiones | 27 cm. |
| 505 8# - NOTA DE CONTENIDO CON FORMATO | |
| Nota de contenido con formato | Contiene: ; |
| Título | Jules Bastien-Lepage as artist / |
| Mención de responsabilidad | by George Clausen. -- |
| Título | Modern realism in painting / |
| Mención de responsabilidad | by Walter Sickert. -- |
| Título | A studey of Marie Bashkirtseff / |
| Mención de responsabilidad | by Mathilde Blind |
| 599 ## - NOTA A LAS ILUSTRACIONES | |
| NOTA A LAS ILUSTRACIONES | Las h. de lám.: reprod. de las obras de Jules Bastien-Lepage y Marie Bashkirtseff. |
| 600 14 - PUNTO DE ACCESO ADICIONAL DE MATERIA--NOMBRE DE PERSONA | |
| Nombre de persona | Bastien-Lepage, Jules- |
| Subdivisión general | Biografías. |
| 9 (RLIN) | 125848 |
| 600 14 - PUNTO DE ACCESO ADICIONAL DE MATERIA--NOMBRE DE PERSONA | |
| Nombre de persona | Bashkistseff, Marie- |
| Subdivisión general | Biografías. |
| 9 (RLIN) | 125845 |
| 650 #4 - PUNTO DE ACCESO ADICIONAL DE MATERIA--TÉRMINO DE MATERIA | |
| Término de materia o nombre geográfico como elemento de entrada | Pintura británica- |
| Subdivisión cronológica | S.XIX. |
| 9 (RLIN) | 149707 |
| 700 1# - ENTRADA AGREGADA--NOMBRE PERSONAL | |
| Nombre de persona | Clausen, George. |
| Título de la obra | Jules Bastien-Lepage as artist. |
| 9 (RLIN) | 126508 |
| 700 1# - ENTRADA AGREGADA--NOMBRE PERSONAL | |
| Nombre de persona | Sickert, Walter. |
| Título de la obra | Modern realism in painting. |
| 9 (RLIN) | 132714 |
| 700 1# - ENTRADA AGREGADA--NOMBRE PERSONAL | |
| Nombre de persona | Blind, Mathilde. |
| 9 (RLIN) | 29489 |
| 700 1# - ENTRADA AGREGADA--NOMBRE PERSONAL | |
| Nombre de persona | Unwin, T. Fisher. |
| 9 (RLIN) | 133449 |
| 852 ## - LOCALIZACIÓN | |
| Ubicación | ES-MaACL |
| Número de control de estantería | C-879 |
| Nota libre | . - Enc. ed. en tela |
| Estatus retirado | Estado de pérdida | Estado de daño | No para préstamo | Colección | Biblioteca de origen | Biblioteca actual | Ubicación en estantería | Fecha de adquisición | Fuente de adquisición | Total de préstamos | Signatura topográfica completa | Código de barras | Visto por última vez | Precio de reemplazo | Tipo de ítem Koha |
|---|---|---|---|---|---|---|---|---|---|---|---|---|---|---|---|
| Libros del s. XIX | Biblioteca del Ateneo de Madrid | Biblioteca del Ateneo de Madrid | Sala Palomar | 17/01/2008 | C-879 | 1174337 | 23/02/2023 | 23/02/2023 | Libro impreso antiguo |
